000 02442nab a2200361 4500
003 BR-BrBNA
005 20250909160631.0
008 250909b2024 bl.ar|pooa||| 00| 0 eng |
040 _aBR-BrBNA
_bpor
072 _aF01 ; F62
_b0920 ; 3530
100 _aFlorêncio, Mariana Trevisan
100 _aKreyci, Patrícia Fabretti
100 _aJacob, Jéssica Fernanda de Oliveira
100 _aAmbrosano, Guilherme Bovi
100 _aDemétrio, Christian Aparecido
100 _aRodrigues, Paulo Hercílio Viegas
245 _aIn vitro rhizogenesis of blueberry microcuttings under different LED light spectra
500 _aSummaries (En, Pt); 24 ref.; 1 illus.; 1 table
520 _aAbstract - The objective of this work was to evaluate the effect of different LED light spectra on the in vitro rhizogenesis of microcuttings of blueberry 'Jewel', without the use of growth regulators. The plantlets were subjected to four LED light treatments, as follows: R, 100% red; R2B, 70% red and 30% blue; B, 100% blue; and CW, control white. After six weeks incubated in a culture room, R and R2B treatments show statistically significant effects on the in vitro rooting of blueberry. Index terms: rooting, tissue culture, plantlets.
520 _aResumo ‒ O objetivo deste trabalho foi avaliar o efeito de diferentes espectros de luz de LED sobre a rizogênese in vitro de microestacas de mirtilo 'Jewel', sem a utilização de reguladores de crescimento. As mudas foram submetidas a quatro tratamentos de luz de LED, conforme a seguir: R, 100% vermelho; R2B, 70% vermelho e 30% azul; B, 100% azul; e CW, controle – luz branca. Após seis semanas de incubação em sala de cultivo, os tratamentos R e R2B apresentam efeitos estatisticamente significativos sobre o enraizamento in vitro de mirtilo. Termos de indexação: enraizamento, cultura de tecidos, plântulas.
650 _aMIRTILO
650 _aFRUTA
650 _aMUDA
650 _aINCUBAÇÃO
650 _aCULTURA DE TECIDO
650 _aPLÂNTULA
650 _aLUZ ARTIFICIAL
650 _aENRAIZAMENTO
773 0 _0920
_9357578
_dBrasília-DF Empresa Brasileira de Pesquisa Agropecuária - EMBRAPA 1966-
_o2025-5543
_tPesquisa Agropecuária Brasileira (Brazil)
_x0100-204X
_gv. 59 p. 1-5; (2024)
_wBR2025002385
856 _uhttps://www.scielo.br/j/pab/a/5gdHqgnqQLHDRtSVtx8JHGD/?format=pdf&lang=en
942 _cANA
999 _c338086
_d338086